Cracking the Creativity Code (Record no. 94010)

MARC details
000 -LEADER
fixed length control field 00593nam a2200205Ia 4500
005 - DATE AND TIME OF LATEST TRANSACTION
control field 20230417160829.0
008 - FIXED-LENGTH DATA ELEMENTS--GENERAL INFORMATION
fixed length control field 230125s9999 xx 000 0 und d
020 ## - INTERNATIONAL STANDARD BOOK NUMBER
International Standard Book Number 978-81-321-1968-5
041 ## - LANGUAGE CODE
Language code of text/sound track or separate title eng
082 ## - DEWEY DECIMAL CLASSIFICATION NUMBER
Classification number 658.314
Item number RUT
100 ## - MAIN ENTRY--PERSONAL NAME
Author Ruttenberg A
245 ## - TITLE STATEMENT
Title Cracking the Creativity Code
Remainder of title Zoom in Zoom out Framework for Creativity Fun and Success
260 ## - PUBLICATION, DISTRIBUTION, ETC.
Date of publication, distribution, etc. 2014
Name of publisher, distributor, etc. Sage publication
Place of publication, distribution, etc. New Delhi
300 ## - PHYSICAL DESCRIPTION
Extent 157p
500 ## - GENERAL NOTE
Keywords Creativity management
700 ## - ADDED ENTRY--PERSONAL NAME
Personal name Ruttenberg A & Maital S
942 ## - ADDED ENTRY ELEMENTS (KOHA)
Koha item type Books
906 ## - LOCAL DATA ELEMENT F, LDF (RLIN)
b 106.25
Holdings
Withdrawn status Lost status Damaged status Not for loan Home library Current library Date acquired Vendor Net Price Bill number Total Checkouts Full call number Barcode Date last seen Actual Price Bill Date Koha item type Original Barcode
        Smt. Hiraben Nanavati Institute of Management & Research for Women Smt. Hiraben Nanavati Institute of Management & Research for Women 04/03/2016 Pritam Book Centre 425.00 9830   658.314 RUT B14080 HIMR-BK-14080 25/01/2023 318.75 04/03/2016 Books B14080